Guess The EToH Tower By Frame - Statistics

General Stats
  • This quiz has been taken 303 times
  • The average score is 12 of 16
Answer Stats
Picture Answer % Correct
Tower of Difficulty Chart
87%
Citadel of Wacky Strategy
85%
Tower of Rage
84%
Tower of Inception
82%
Tower of Oblivion
82%
Steeple of Pursuit
79%
Tower of Astral Fusion
76%
Citadel of A Cruel Tale
75%
Tower of Despair
75%
Tower of Empty Meaningless Patterns
73%
Steeple of Climbing
72%
Tower of Tokyo Heights
72%
Tower of Vacant Hindrances
71%
Tower of No Return
70%
Tower of Stairs To Spare
70%
Tower of Yearning Victory
70%
No matching quizzes found
Score Distribution
Percent of People with Each Score
Percentile by Number Answered
Your Score History
You have not taken this quiz